Online Catalogue and eLibrary

Yudhaye Athuru Kathawak (Record no. 5786)

MARC details
000 -LEADER
fixed length control field 00436nam a2200157Ia 4500
005 - DATE AND TIME OF LATEST TRANSACTION
control field 20250704034705.0
008 - FIXED-LENGTH DATA ELEMENTS--GENERAL INFORMATION
fixed length control field 240331s9999 xx 000 0 und d
020 ## - INTERNATIONAL STANDARD BOOK NUMBER
ISBN 9551188586
082 ## - DDC Classification
Item Number - Author Mark KUR
Class No. 891
100 ## - MAIN ENTRY--PERSONAL NAME
Personal name Kuruppu,R
245 #0 - TITLE STATEMENT
Title Yudhaye Athuru Kathawak
260 ## - PUBLICATION, DISTRIBUTION, ETC.
Place of publication, distribution, etc. Colombo
Name of publisher, distributor, etc. Fast Publishing ( Private) Limited
300 ## - PHYSICAL DESCRIPTION
Extent (e.g. Volumes, Pages etc.) 271 p .,
500 ## - GENERAL NOTE
General note Translation of A strange story of War - The Nazi Officer's Wife
942 ## - Koha item type (Biblio)
Koha item type Books in Stacks (Lending)
Holdings
Lost status Damaged status Collection code Home library Current library Shelving location Date acquired Full call number Accession Number Item type
    Lending WERC Library WERC Library Social Science Cupboard 03/31/2024 891.48 KUR 6782 Books in Stacks (Lending)

© WERC Library